| 000 | 01456namaa22002771 4500 | ||
|---|---|---|---|
| 001 | 173872 | ||
| 003 | ES-MaACL | ||
| 005 | 20250824074931.0 | ||
| 007 | t| | ||
| 008 | 100127s1860 sp |r |||| | spa d | ||
| 040 |
_aSpMaBN _bspa _cA2 _dSpMaBN _erdc |
||
| 080 | _a78.089.1 | ||
| 100 | 0 |
_aCamprodón, Francisco. _934301 |
|
| 245 | 1 | 3 |
_aEl gran bandido _b: zarzuela en dos actos / _carreglada a la escena española por D. Francisco Camprodón ; música de los Sres. Oudrid y Caballero. |
| 260 |
_aMadrid : _b[s.n.], _c1860 ( _fImp. de José Rodríguez) |
||
| 300 |
_a68 p. ; _c17 cm. |
||
| 490 | 1 | _aEl teatro : colección de obras dramáticas y líricas | |
| 500 | _aEn la portada: "Representada por primera vez en el Teatro de la Zarzuela en el mes de diciembre de 1860" | ||
| 500 | _aEn las páginas 2-4 de la cubierta: "Catálogo de las obras dramáticas y líricas de la galería El teatro; Zarzuelas; puntos de venta y comisionados principales: provincias, Madrid" | ||
| 500 | _aSolo la letra. | ||
| 700 | 0 |
_aOudrid, Cristóbal. _987969 |
|
| 700 | 0 |
_aFernández Caballero, Manuel. _949531 |
|
| 830 | 0 | 3 |
_aEl teatro: colección de obras dramática y líricas _9221753 |
| 852 |
_aES-MaACL _jF-8623(8) _z.- Enc. pasta española _q.- Falto de la cub. original _z.- Enc. en un vol. facticio formando parte de la col. facticia "Teatro español moderno", vol. 78 _z.- Firma ms. de Gustavo Saenz Diez, 1877 |
||
| 999 |
_c173872 _d173872 |
||